| 000 | 00420cam a2200181ua 4500 | ||
|---|---|---|---|
| 020 | _c3.50 | ||
| 041 |
_ahin _h |
||
| 082 |
_a891.54 _bGUR/VI |
||
| 100 | _aGuruduth, . | ||
| 245 |
_aVilom gati / _cGuruduth. _hTextual Documents |
||
| 250 |
_a3 / _b. |
||
| 260 |
_aNewdelhi : _bBharathi sahithya sadan , _c1964. |
||
| 300 | _a367 ; . | ||
| 365 | _a3.50 | ||
| 504 | _a | ||
| 942 | _cBK | ||
| 999 |
_c8204 _d8204 |
||